000 01396nam0a22003251 4500
001 RU\INFOCOMM_322\NLR\5000191166
005 20250613111000.0
035 _a(NLR Aleph) 009578797
090 _a9176975
_c9176975
100 _a20130221d1989 |||y0rusy50 ca
101 0 _aeng
102 _aRU
105 _ay z |||||
200 1 _aAcoustic waves emission by two dimensional plasma waves
_fT. M. Mishonov, B. K. Ghosh
210 _aДубна
_cОбъед. ин-т ядер. исслед.
_d1989
215 _a7 с.
_cил.
_d21 см
225 1 _aСообщения Объединенного института ядерных исследований, Дубна
_vЕ17-89-813
300 _aНа 3-й с. обл.: Излучение акустических волн двумерными плазменными волнами / Мишонов Т. М., Гош Б. К.
300 _aРез. на рус. яз.
320 _aБиблиогр.: с. 7
517 1 _aИзлучение акустических волн двумерными плазменными волнами
606 0 _aТвердые тела
_xПлазмоны
_91880501
_3RU\NLR\AUTH\66854516
686 _aВ371.135
_2rubbk
700 1 _aMišonov
_bT. M.
701 1 _aGhosh
_bB. K.
801 1 _aRU
_bInfocomm
_c20130221
801 0 _aRU
_bINFOCOMM
_gPSBO
852 _aNLR
_jФз01 Д-4/5779
942 _cBOOK
980 _aNB